<?xml version="1.0" encoding="UTF-8"?><?xml-stylesheet type="text/xsl" href="static/style.xsl"?><OAI-PMH xmlns="http://www.openarchives.org/OAI/2.0/" xmlns:xsi="http://www.w3.org/2001/XMLSchema-instance" xsi:schemaLocation="http://www.openarchives.org/OAI/2.0/ http://www.openarchives.org/OAI/2.0/OAI-PMH.xsd"><responseDate>2026-04-17T15:55:53Z</responseDate><request verb="GetRecord" identifier="oai:www.recercat.cat:2445/126615" metadataPrefix="marc">https://recercat.cat/oai/request</request><GetRecord><record><header><identifier>oai:recercat.cat:2445/126615</identifier><datestamp>2025-12-05T12:18:45Z</datestamp><setSpec>com_2072_1057</setSpec><setSpec>col_2072_478916</setSpec><setSpec>col_2072_478917</setSpec></header><metadata><record xmlns="http://www.loc.gov/MARC21/slim" xmlns:dcterms="http://purl.org/dc/terms/" xmlns:xsi="http://www.w3.org/2001/XMLSchema-instance" xmlns:doc="http://www.lyncode.com/xoai" xsi:schemaLocation="http://www.loc.gov/MARC21/slim http://www.loc.gov/standards/marcxml/schema/MARC21slim.xsd">
   <leader>00925njm 22002777a 4500</leader>
   <datafield ind2=" " ind1=" " tag="042">
      <subfield code="a">dc</subfield>
   </datafield>
   <datafield ind2=" " ind1=" " tag="720">
      <subfield code="a">Castellote Alonso, José</subfield>
      <subfield code="e">author</subfield>
   </datafield>
   <datafield ind2=" " ind1=" " tag="720">
      <subfield code="a">Girbau, Anna</subfield>
      <subfield code="e">author</subfield>
   </datafield>
   <datafield ind2=" " ind1=" " tag="720">
      <subfield code="a">Arajol, Claudia</subfield>
      <subfield code="e">author</subfield>
   </datafield>
   <datafield ind2=" " ind1=" " tag="720">
      <subfield code="a">Xiol Quingles, Xavier</subfield>
      <subfield code="e">author</subfield>
   </datafield>
   <datafield ind2=" " ind1=" " tag="260">
      <subfield code="c">2018-11-30T10:16:04Z</subfield>
   </datafield>
   <datafield ind2=" " ind1=" " tag="260">
      <subfield code="c">2018-11-30T10:16:04Z</subfield>
   </datafield>
   <datafield ind2=" " ind1=" " tag="260">
      <subfield code="c">2011-10</subfield>
   </datafield>
   <datafield ind2=" " ind1=" " tag="260">
      <subfield code="c">2018-07-24T12:59:18Z</subfield>
   </datafield>
   <datafield ind2=" " ind1=" " tag="520">
      <subfield code="a">Letters to the Editor</subfield>
   </datafield>
   <datafield ind2=" " ind1=" " tag="520">
      <subfield code="a">Dear Editor, Thrombocytopenia is a common complication seen in patients&#xd;
with chronic liver disease, precluding or interfering invasive diagnostic&#xd;
and therapeutic procedures. Etiology is multifactorial,&#xd;
including hypersplenism, bone marrow suppression by HCV and&#xd;
a possible reduction in the level or activity of the hematopoietic&#xd;
growth factor thrombopoietin (TPO)(1). In addition to thrombocytopenia,&#xd;
functional platelet defects has been suggested. Romiplostim&#xd;
(Nplate®, Amgen Inc, Thousands Oaks, Calif) is a new&#xd;
thrombopoietin receptor agonist indicated for the treatment of&#xd;
thrombocytopenia in patients with chronic immune thrombocytopenic&#xd;
purpura who have had an insufficient response to corticosteroids,&#xd;
immunoglobulin or splenectomy (2). It has been not&#xd;
tested in chronic liver disease until now. Another thrombopoietin&#xd;
receptor agonist, eltrombopag (3), has been tested in chronic liver&#xd;
disease undergoing an elective invasive procedure. Although&#xd;
results were satisfactory in terms of platetelet count and avoidance&#xd;
of platelet transfusions, the trial was early stopped due to the&#xd;
observed incidence of portal vein thrombosis in the study group&#xd;
(4). We report a case of a Jehovah’s Witness that could successfully&#xd;
managed with romiplostim use...</subfield>
   </datafield>
   <datafield tag="653" ind2=" " ind1=" ">
      <subfield code="a">Malalties del fetge</subfield>
   </datafield>
   <datafield tag="653" ind2=" " ind1=" ">
      <subfield code="a">Malalties cròniques</subfield>
   </datafield>
   <datafield tag="653" ind2=" " ind1=" ">
      <subfield code="a">Liver diseases</subfield>
   </datafield>
   <datafield tag="653" ind2=" " ind1=" ">
      <subfield code="a">Chronic diseases</subfield>
   </datafield>
   <datafield ind2="0" ind1="0" tag="245">
      <subfield code="a">Romiplostim in chronic liver disease with severe thrombocytopenia undergoing an elective invasive procedure</subfield>
   </datafield>
</record></metadata></record></GetRecord></OAI-PMH>